GTA V Quiz! - Statistics

General Stats
  • This quiz has been taken 215 times
  • The average score is 10 of 15
Answer Stats
Hint Answer % Correct
main character franklin
99%
main character trevor
99%
main character michael
98%
Franklin's dog chop
97%
Franklin's best friend lamar
96%
Michael's son jimmy
92%
Michael's daughter tracey
78%
Where Trevor lives sandy shores
66%
Franklin's aunt denise
61%
Martin Madrazo's wife patricia
53%
Trevor's 2 best friends wade and ron
46%
Franklin's main car buffalo
39%
Where Franklin lives vinewood hills
26%
Franklin's cousin jb
16%
Michael's shrink frielander
4%
No matching quizzes found
Score Distribution
Percent of People with Each Score
Percentile by Number Answered
Your Score History
You have not taken this quiz